Historicial List of German Towns Quiz Stats

 Plays Quiz not verified by Sporcle

Score 0/90 Timer 01:30
0 Plays Today
Year Cities % Correct
1880Berlin
99.8%
1919Berlin
99.8%
1946Berlin
99.8%
1975Berlin
99.8%
2000Berlin
99.8%
2013Berlin
99.8%
1939Berlin
99.8%
1960Berlin
99.8%
1990Berlin
99.8%
1880München
97.2%
1919München
97.2%
1946München
97.2%
1975München
97.2%
2000München
97.2%
2013München
96.6%
1939München
96.6%
1960München
96.6%
1990München
96.6%
1880Hamburg
96.3%
1919Hamburg
96.3%
1946Hamburg
96.3%
1975Hamburg
96.3%
2000Hamburg
96.3%
2013Hamburg
95.3%
1939Hamburg
95.3%
1960Hamburg
95.3%
1990Hamburg
95.3%
1880Frankfurt am Main
90.1%
1919Frankfurt am Main
90.1%
1946Frankfurt am Main
90.1%
Year Cities % Correct
1975Frankfurt am Main
90.1%
2000Frankfurt am Main
90%
1880Köln
89.3%
1919Köln
89.3%
1946Köln
89.3%
1975Köln
89.3%
2000Köln
89.2%
2013Frankfurt am Main
87.6%
1939Frankfurt am Main
87.6%
1960Frankfurt am Main
87.6%
2013Köln
87.4%
1939Köln
87.4%
1960Köln
87.4%
1990Köln
87.4%
1975Stuttgart
81.8%
2000Stuttgart
81.7%
1880Dresden
80.5%
1919Dresden
80.5%
1946Dresden
80.5%
1946Düsseldorf
79.9%
1975Düsseldorf
79.9%
2000Düsseldorf
79.9%
2013Stuttgart
78.8%
1960Stuttgart
78.8%
1990Stuttgart
78.8%
1939Dresden
77.3%
1960Düsseldorf
76.9%
1919Düsseldorf
76.8%
1919Essen
75.2%
1946Essen
75.2%
Year Cities % Correct
1975Essen
75.2%
1990Frankfurt am Main
75.2%
2000Essen
75.1%
1946Dortmund
74.6%
1975Dortmund
74.6%
2000Dortmund
74.6%
2000Bremen
73.6%
1880Leipzig
72.8%
1919Leipzig
72.8%
1946Leipzig
72.8%
2013Dortmund
70.9%
1939Essen
70.9%
1960Essen
70.9%
1960Dortmund
70.9%
2013Essen
70.9%
1990Essen
70.9%
1990Dortmund
70.9%
2013Bremen
69.2%
1990Bremen
69.2%
1939Leipzig
68.9%
1960Leipzig
68.9%
1880Hannover
58.1%
1939Wien
47.1%
1880Breslau
35.2%
1919Breslau
34.4%
1939Breslau
33.5%
1975Duisburg
32.5%
1880Königsberg (Pr)
28.8%
2013Düsseldorf
16.8%
1990Düsseldorf
16.8%

You're not logged in!

Compare scores with friends on all Sporcle quizzes.
OR
Log In

Show Comments

Extras

Top Quizzes Today


Score Distribution

Your Account Isn't Verified!

In order to create a playlist on Sporcle, you need to verify the email address you used during registration. Go to your Sporcle Settings to finish the process.

Report this User

Report this user for behavior that violates our Community Guidelines.

Details: